000 00493nam a22001697a 4500
999 _c3692
_d3692
003 GBCCL
005 20241126110501.0
008 171201b xxu||||| |||| 00| 0 eng d
040 _cgbc
082 _aVER 251.08
_bVIN
100 _aVines, Jerry
_91466
245 _aPulpit a thilhihtheihna /
_cJerry Vines & Jim Shaddix
260 _bThe New Beginning Gospel Ministry International,
_c2011
300 _a295p.;
_bill.,
_c25 cm.
650 _aHomiletics
_vIllustrations
_97314
942 _2ddc
_cBK
_01